Die Kultur der Griechen /
محفوظ في:
المؤلف الرئيسي:
التنسيق: كتاب
اللغة: German
منشور في:
London :
Allen & Unwin,
c1938.
الطبعة: Phaidon-Ausgabe.
الموضوعات:
الوسوم: إضافة وسم
لا توجد وسوم, كن أول من يضع وسما على هذه التسجيلة!
رقم الطلب: DF77 .S35 1938 DLIR
| LEADER | 00643nam a22002291 4500 | ||
|---|---|---|---|
| 001 | 1298 | ||
| 003 | OSt | ||
| 005 | 20251223102118.0 | ||
| 008 | 130303s1938 enkaf 000 0 ger d | ||
| 035 | |a tmp00547768 | ||
| 040 | |c ARCE Library | ||
| 050 | 4 | |a DF77 .S35 1938 | |
| 099 | |a DLIR | ||
| 100 | 1 | |a Scheffer, Thassilo von, |d 1873-1951, |e author |9 39366 | |
| 245 | 1 | 4 | |a Die Kultur der Griechen / |c Thassilo Von Scheffer. |
| 250 | |a Phaidon-Ausgabe. | ||
| 264 | 1 | |a London : |b Allen & Unwin, |c c1938. | |
| 300 | |a 646 pages : |b illustrations, plates ; |c 27 cm. | ||
| 651 | 0 | |a Greece |x Civilization. | |
| 901 | |a reviewed | ||
| 942 | |c BK |2 lcc | ||
| 999 | |c 1659 |d 1659 | ||
